000 00845nab a2200253 u 4500
001 10613
003 HDC
007 cr bn ---aaaaa
008 210205c20130419my dr|nes 0 a may d
040 _aHDC
100 _aMohd Zaky Zainuddin,
_eauthor
_97645
245 0 _aMIDA sasar pelaburan RM48b /
_cby Mohd Zaky Zainuddin
260 _aKuala Lumpur :
_bNew Straits Times Press (M) Bhd.,
_c2013
336 _atext
_2rdacontent
337 _acomputer
_2rdamedia
338 _aonline resource
_2rdacarrier
650 _aEconomic development
_94486
650 _aInvestment
_9312
710 _aBerita Harian
856 _zRequest full-text at [email protected]
942 _2lcc
942 _cNEWS
942 _kNWSC 003880
999 _c7936
_d7936